Cambio y polarización ocupacional en Centroamérica /

Guardat en:
Dades bibliogràfiques
Autor corporatiu: OIT, PREALC
Format: Text
Publicat: San José: EDUCA
Etiquetes: Afegir etiqueta
Sense etiquetes, Sigues el primer a etiquetar aquest registre!

MARC

LEADER 00000 a a2200000 04500
001 23451
003
040
020 |a 92-2-305432-X  
090 |a 162000  
110 |a OIT  
245 |a Cambio y polarización ocupacional en Centroamérica /  |c OIT  
260 |a San José:   |b EDUCA  
300 |a 200 p   |b **no definido**   |b fonodiscos  
710 |a PREALC  
999 |c 11025  |d 11025